000 00875nam a2200277Ia 4500
005 20250425161927.0
008 250425s9999 xx 000 0 und d
020 _a9275315094
041 _aspa
082 _a614
100 _aFUENZALIDA, HERNAN L.
245 0 _aEL DERECHO A LA SALUD EN LAS MERICAS: ESTUDIO CONSTITUCIONAL COMPARADO
250 _aS.E.
260 _aEstados Unidos
_bORGANIZACION PANAMERICANA DE LA SALUD
_c1989
260 _aWASHINGTON
300 _a654
500 _aPUBLICACION CIENTIFICA NO. 509
500 _aTítulo Traducido: THE RIGTH TO HEALTH IN THE AMERICAS: A COMPARATIVE CONSTITUTIONAL STUDY
650 _aDERECHO A LA SALUD
650 _aDERECHO INTERNACIONAL
650 _aESTUDIO DE SALUD
650 _aINSTITUCIONES INTERNACIONALES
710 _aORGANIZACION PANAMERICA DE LA SALUD
942 _c01
010 _a35202
999 _c219007
_d219007